Разработка станции мониторинга солнечной батарей; Информационно-измерительная техника и технологии

Podrobná bibliografie
Parent link:Информационно-измерительная техника и технологии.— 2012.— [С. 149-153]
Hlavní autor: Суматохина К. В.
Další autoři: Охорзина А. В.
Shrnutí:Заглавие с титульного листа
В статье приводятся сравнительные характеристики станции мониторинга солнечной батарей и ее модификации. В работе описывается схема работы станции мониторинга и ее управление. Представлены данные измерения, которые автоматически регистрируются и отображаются на сайте
Comparative characteristics of station of monitoring are provided in article solar batteries and its updating. In work the scheme of work of station of monitoring and its management is described. Measurements which are automatically registered and displayed on a site are submitted data
Jazyk:ruština
Vydáno: 2012
Témata:
On-line přístup:http://www.lib.tpu.ru/fulltext/c/2012/C18/022.pdf
Médium: Elektronický zdroj Kapitola
KOHA link:https://koha.lib.tpu.ru/cgi-bin/koha/opac-detail.pl?biblionumber=235986

MARC

LEADER 00000naa2a2200000 4500
001 235986
005 20260105154136.0
035 |a (RuTPU)RU\TPU\book\257131 
035 |a RU\TPU\book\257116 
090 |a 235986 
100 |a 20130418d2012 k y0rusy50 ca 
101 0 |a rus 
102 |a RU 
135 |a drnn ---uucaa 
181 0 |a i  
182 0 |a b 
200 1 |a Разработка станции мониторинга солнечной батарей  |d Development of station of monitoring of solar power installation  |f К. В. Суматохина, А. В. Охорзина 
203 |a Текст  |c электронный 
215 |a 1 файл (605 Кб) 
300 |a Заглавие с титульного листа 
320 |a [Библиогр.: с. 153 (3 назв.)] 
330 |a В статье приводятся сравнительные характеристики станции мониторинга солнечной батарей и ее модификации. В работе описывается схема работы станции мониторинга и ее управление. Представлены данные измерения, которые автоматически регистрируются и отображаются на сайте 
330 |a Comparative characteristics of station of monitoring are provided in article solar batteries and its updating. In work the scheme of work of station of monitoring and its management is described. Measurements which are automatically registered and displayed on a site are submitted data 
337 |a Adobe Reader 
463 1 |0 (RuTPU)RU\TPU\book\256900  |t Информационно-измерительная техника и технологии  |o материалы III Научно-практической конференции, Томск, 3-5 мая 2012 г.  |f Национальный исследовательский Томский политехнический университет (ТПУ) ; под ред. А. В. Юрченко  |v [С. 149-153]  |d 2012 
510 1 |a Development of station of monitoring of solar power installation  |z eng 
610 1 |a труды учёных ТПУ 
610 1 |a электронный ресурс 
610 1 |a солнечные батареи 
610 1 |a мониторинг 
610 1 |a солнечное излучение 
700 1 |a Суматохина  |b К. В. 
701 1 |a Охорзина  |b А. В. 
801 1 |a RU  |b 63413507  |c 20130116 
801 2 |a RU  |b 63413507  |c 20130418  |g RCR 
856 4 |u http://www.lib.tpu.ru/fulltext/c/2012/C18/022.pdf 
942 |c CF